00367 a2200157 4500001000700000020001800007040002200025041001600047082002600063100002400089245003600113250001000149260002900159300000800188362001300196136643 a9788573599619 cLeonardo Da Vinci aPortuguês a658.4080 V273qbV273q aVALLE, Cyro Eyer do aQualidade ambientalbiso 14.000 a11.ed bSenacc2002aSão Paulo a205 a20020000